[Event "24th ch-EUR Indiv 2024"]
[Site "Petrovac MNE"]
[Date "2024.11.10"]
[Round "3.98"]
[White "Gharibyan, Mamikon"]
[Black "Pegno, Mattia"]
[Result "1-0"]
[WhiteTitle "GM"]
[BlackTitle "FM"]
[WhiteElo "2462"]
[BlackElo "2245"]
[WhiteFideId "13308300"]
[BlackFideId "2859870"]
[EventDate "2024.11.08"]

1. d4 d5 2. Nf3 Nf6 3. Bf4 c5 4. e3 Nc6 5. Nbd2 e6 6. c3 Bd6 7. Bg3 O-O 8. Bd3
Qe7 9. Ne5 Nd7 10. Nxd7 Bxd7 11. Bxd6 Qxd6 12. dxc5 Qe7 13. b4 e5 14. O-O Be6
15. Nb3 Rad8 16. Qc2 h5 17. Rad1 h4 18. f4 Bg4 19. Rde1 a6 20. h3 Bc8 21. a4 e4
22. Be2 Qf6 23. Nd4 Qg6 24. Kh1 Qg3 25. Bd1 Ne7 26. Qf2 Qxf2 27. Rxf2 g6 28. Bb3
Kg7 29. Rd1 Kf6 30. Kg1 Rh8 31. Rfd2 Bd7 32. Kf2 g5 33. fxg5+ Kxg5 34. Ne2 Be6
35. Nf4 Rd7 36. Bxd5 Rhd8 37. c4 Nc6 38. Ke2 Nxb4 39. Bxe6 Rxd2+ 40. Rxd2 Rxd2+
41. Kxd2 fxe6 42. Nxe6+ 1-0

[Event "24th ch-EUR Indiv 2024"]
[Site "Petrovac MNE"]
[Date "2024.11.10"]
[Round "3.99"]
[White "Nalbandyan, Vahan"]
[Black "Willow, Jonah B"]
[Result "0-1"]
[BlackTitle "IM"]
[WhiteElo "2223"]
[BlackElo "2454"]
[WhiteFideId "13309439"]
[BlackFideId "438804"]
[EventDate "2024.11.08"]

1. e4 e6 2. d3 d5 3. Nd2 Nf6 4. Ngf3 Nc6 5. e5 Nd7 6. d4 f6 7. Bb5 fxe5 8. dxe5
Be7 9. O-O O-O 10. Re1 a6 11. Bf1 Bc5 12. Nb3 Ncxe5 13. Rxe5 Bxf2+ 14. Kxf2 Nxe5
15. Be2 b6 16. Kg1 Nxf3+ 17. Bxf3 c5 18. Be3 Bb7 19. c3 e5 20. Qe2 Qc7 21. Bf2
e4 22. Bg4 a5 23. Rd1 Rae8 24. Bg3 Qc6 25. Nd2 Kh8 26. Nf1 Qf6 27. Ne3 d4 28.
Nf5 d3 29. Qe3 Qg6 30. Qf4 Bc8 31. Rf1 e3 32. Ne7 Rxf4 33. Nxg6+ hxg6 0-1

[Event "24th ch-EUR Indiv 2024"]
[Site "Petrovac MNE"]
[Date "2024.11.10"]
[Round "3.100"]
[White "Fromm, Marius"]
[Black "Biliskov, Vjekoslav"]
[Result "1-0"]
[WhiteTitle "IM"]
[BlackTitle "FM"]
[WhiteElo "2452"]
[BlackElo "2225"]
[WhiteFideId "12993190"]
[BlackFideId "14502720"]
[EventDate "2024.11.08"]

1. c4 e6 2. Nc3 Bb4 3. e4 c5 4. Nf3 Nc6 5. d4 cxd4 6. Nxd4 Nf6 7. Nxc6 dxc6 8.
Qxd8+ Kxd8 9. e5 Ne4 10. a3 Bxc3+ 11. bxc3 Kc7 12. Be3 b6 13. f3 Nc5 14. O-O-O
Ba6 15. Kc2 Rad8 16. Rd4 Nb7 17. Rg4 g6 18. Be2 Na5 19. h4 h5 20. Rf4 Rd7 21.
Rd1 Rxd1 22. Kxd1 Rh7 23. Re4 c5 24. Bg5 Bb7 25. Rf4 Nc6 26. Bf6 Kd7 27. Re4 Ne7
28. Re3 Bc6 29. Rd3+ Ke8 30. Rd6 Bd7 31. Kd2 Ng8 32. Bg5 Rh8 33. Bd3 Nh6 34. Bf6
Rg8 35. Be4 Nf5 36. Rd3 Ne7 37. Ke3 Bc8 38. Rd6 Bd7 39. Kf4 g5+ 40. hxg5 Ng6+
41. Kg3 1-0

[Event "24th ch-EUR Indiv 2024"]
[Site "Petrovac MNE"]
[Date "2024.11.10"]
[Round "3.101"]
[White "Aslanov, Umid"]
[Black "Schneider, Ilja"]
[Result "0-1"]
[WhiteTitle "CM"]
[BlackTitle "IM"]
[WhiteElo "2222"]
[BlackElo "2451"]
[WhiteFideId "13412620"]
[BlackFideId "4663306"]
[EventDate "2024.11.08"]

1. e4 e5 2. Nf3 Nc6 3. Bc4 Bc5 4. O-O d6 5. c3 Bb6 6. d3 h6 7. Nbd2 Nge7 8. Re1
O-O 9. Nf1 Kh8 10. d4 Bg4 11. dxe5 Nxe5 12. Be2 Bxf3 13. Bxf3 f5 14. Ne3 fxe4
15. Bxe4 d5 16. Bc2 N7g6 17. Rf1 c6 18. Nf5 Nh4 19. Qh5 Nxf5 20. Bxf5 Qe8 21.
Qh3 Qf7 22. g4 Qf6 23. Be3 Qh4 24. Qxh4 Nf3+ 25. Kh1 Nxh4 26. Bxb6 axb6 27. Bc2
g5 28. a4 Rae8 29. Bd3 Rf3 30. Rad1 Ref8 31. Kg1 R3f4 32. h3 Rxa4 33. Ra1 Rfa8
34. Rac1 Ra2 35. Rc2 Re8 36. Kh2 Re1 37. Kg3 Rxf1 38. Bxf1 Ra1 39. Bg2 Ng6 40.
Re2 Kg7 41. Re8 Nh4 42. Kh2 Ra2 43. Re7+ Kf6 44. Rxb7 Rxb2 45. Rb8 b5 46. Rc8
Ke7 47. Kg1 Kd7 48. Rh8 Rc2 49. Rh7+ Kd8 50. Rh8+ Ke7 51. Rh7+ Kf8 52. Rxh6 Rxc3
53. Rh8+ Kg7 54. Rc8 b4 55. Bh1 Kf6 56. Kh2 Ng6 0-1

[Event "24th ch-EUR Indiv 2024"]
[Site "Petrovac MNE"]
[Date "2024.11.10"]
[Round "3.102"]
[White "Kawulok, Marek"]
[Black "Radovanovic, Nikola"]
[Result "0-1"]
[BlackTitle "IM"]
[WhiteElo "2219"]
[BlackElo "2443"]
[WhiteFideId "337005"]
[BlackFideId "900087"]
[EventDate "2024.11.08"]

1. e4 c5 2. Nf3 Nc6 3. Bb5 Nf6 4. Nc3 g6 5. Bxc6 dxc6 6. h3 Bg7 7. d3 Nd7 8. Be3
e5 9. Qd2 h6 10. O-O b6 11. Nh2 Nf8 12. f4 exf4 13. Bxf4 Ne6 14. Bg3 c4 15. e5
cxd3 16. cxd3 Ba6 17. Ne4 O-O 18. Rad1 Qd4+ 19. Kh1 Rad8 20. Nd6 h5 21. Nf3 Qd5
22. Qb4 c5 23. Qa3 Bb7 24. Qxa7 Bc6 25. a3 Qb3 26. Rd2 Bh6 27. Rdf2 Be3 28. Nd2
Qxd3 29. Rxf7 Rd7 30. Rxf8+ Nxf8 31. Qb8 Bh6 32. Kh2 Qxd2 33. Rf2 Qd5 34. Ne8
Bg7 35. Nxg7 Rf7 36. Rc2 Kxg7 37. Qxb6 Ne6 38. Qa5 Qe4 39. Rd2 h4 0-1

[Event "24th ch-EUR Indiv 2024"]
[Site "Petrovac MNE"]
[Date "2024.11.10"]
[Round "3.103"]
[White "Mizzi, Jack"]
[Black "Gretarsson, Helgi Ass"]
[Result "0-1"]
[WhiteTitle "CM"]
[BlackTitle "GM"]
[WhiteElo "2214"]
[BlackElo "2441"]
[WhiteFideId "5602521"]
[BlackFideId "2300699"]
[EventDate "2024.11.08"]

1. d4 d6 2. Nf3 Bg4 3. e4 Nf6 4. Nbd2 e6 5. c3 Be7 6. h3 Bh5 7. Bd3 c6 8. a4 d5
9. e5 Nfd7 10. g4 Bg6 11. Nf1 c5 12. h4 Nc6 13. Ng3 Qb6 14. a5 Nxa5 15. Bxg6
hxg6 16. dxc5 Bxc5 17. Qe2 Nb3 18. Rb1 a5 19. h5 gxh5 20. Bg5 f6 21. exf6 gxf6
22. Bf4 O-O-O 23. Nxh5 Rdg8 24. Nh4 Qc6 25. f3 a4 26. Qc2 f5 27. Rd1 d4 28. Ke2
fxg4 29. cxd4 gxf3+ 30. Kf1 Rxh5 31. dxc5 Qb5+ 32. Kf2 e5 33. Ng6 Rxh1 34. Rxh1
Rxg6 35. Rh8+ Kc7 36. Qxg6 Qe2+ 37. Kg1 f2+ 0-1

[Event "24th ch-EUR Indiv 2024"]
[Site "Petrovac MNE"]
[Date "2024.11.10"]
[Round "3.104"]
[White "Shvedova, Alexandra"]
[Black "Patrelakis, Evaggelos"]
[Result "1-0"]
[WhiteTitle "WFM"]
[BlackTitle "IM"]
[WhiteElo "2206"]
[BlackElo "2437"]
[WhiteFideId "54154782"]
[BlackFideId "4295102"]
[EventDate "2024.11.08"]

1. e4 e6 2. d4 d5 3. Nc3 Nf6 4. e5 Nfd7 5. f4 c5 6. Nf3 Nc6 7. Be3 a6 8. Ne2 Qb6
9. Qc1 Be7 10. c3 O-O 11. h4 f6 12. h5 fxe5 13. fxe5 a5 14. Rh3 a4 15. Rg3 a3
16. b3 Rf7 17. Rg4 cxd4 18. cxd4 Nb4 19. Nc3 Nf8 20. Kf2 Bd7 21. Qd2 Be8 22. Be2
Rc8 23. Rc1 Qd8 24. Kg1 Kh8 25. h6 g6 26. Rf4 Rf5 27. Nh2 Bg5 28. Rff1 Bxe3+ 29.
Qxe3 Qe7 30. Bg4 Rf7 31. Nf3 Kg8 32. Bh3 Rc6 33. Qd2 Qd8 34. Ng5 Rf5 35. Bxf5
exf5 36. Nf3 Ne6 37. Nb1 Qe7 38. Nxa3 g5 39. Nc2 Nxc2 40. Rxc2 Rxc2 41. Qxc2 g4
42. Nh2 Nxd4 43. Qd2 Qc5 44. Kh1 g3 45. Qg5+ Bg6 46. Qxg3 Ne6 47. Rf2 f4 48.
Rxf4 Qc1+ 49. Rf1 Qxh6 50. Qg4 Nf8 51. Qc8 Be4 52. Rf6 Qg7 53. Ng4 Bg6 54. e6
Qe7 55. Qb8 d4 56. Qe5 h5 57. Nh6+ Kh7 58. Nf5 Nd7 59. Rf7+ 1-0

[Event "24th ch-EUR Indiv 2024"]
[Site "Petrovac MNE"]
[Date "2024.11.10"]
[Round "3.105"]
[White "Peyrer, Konstantin"]
[Black "Lauda, Alexandr"]
[Result "1-0"]
[WhiteTitle "IM"]
[BlackTitle "CM"]
[WhiteElo "2437"]
[BlackElo "2222"]
[WhiteFideId "1640879"]
[BlackFideId "13903179"]
[EventDate "2024.11.08"]

1. c4 Nf6 2. g3 g6 3. Bg2 Bg7 4. Nc3 O-O 5. d4 d6 6. Nf3 Nc6 7. d5 Na5 8. b3 c5
9. Bb2 a6 10. O-O Rb8 11. Nd2 b5 12. Qc1 bxc4 13. bxc4 Bh6 14. e3 Bf5 15. Nd1 e5
16. Re1 Qb6 17. Bc3 Nb7 18. e4 Bc8 19. Nb2 Qc7 20. Nd3 Nh5 21. Qd1 Nd8 22. f4 f6
23. Rf1 Nf7 24. Qe2 a5 25. f5 Ba6 26. Rac1 a4 27. Bh3 Qe7 28. Nb2 Bxd2 29. Qxd2
Ng5 30. Bg2 a3 31. Nd1 Bxc4 32. Rf2 Ba6 33. Ne3 Nf7 34. Qd1 Bc8 35. Qa4 Bd7 36.
Qxa3 g5 37. Rb2 Ra8 38. Qb3 Ra4 39. Nc4 Ng7 40. Nb6 Ra7 41. a4 Rb8 42. Qc4 Bc8
43. Nxc8 Rxc8 44. Rcb1 Ne8 45. a5 Nc7 46. Rb7 Rca8 47. Qa4 Nd8 48. Rxa7 Rxa7 49.
Bf1 Kg7 50. a6 Ra8 51. Ba5 Kf7 52. Bb6 Kf8 53. Qa5 Rc8 54. Bc4 Na8 55. Bxd8 Qxd8
56. Qxd8+ Rxd8 57. a7 Ke7 58. Rb8 Kd7 59. Rb7+ Kc8 60. Ba6 Nc7 61. Rb8+ Kd7 62.
Bb5+ Ke7 63. Rb7 1-0

[Event "24th ch-EUR Indiv 2024"]
[Site "Petrovac MNE"]
[Date "2024.11.10"]
[Round "3.106"]
[White "Druska, Juraj"]
[Black "Lever, Erwan"]
[Result "1-0"]
[WhiteTitle "IM"]
[WhiteElo "2433"]
[BlackElo "2221"]
[WhiteFideId "14915650"]
[BlackFideId "20640099"]
[EventDate "2024.11.08"]

1. e4 c5 2. Nf3 e6 3. c3 d5 4. exd5 Qxd5 5. d4 Nf6 6. Na3 a6 7. Nc4 Nbd7 8. Be2
b5 9. Na5 Be7 10. O-O O-O 11. Ng5 Qd6 12. Bf3 Nd5 13. c4 bxc4 14. Nxc4 Qc7 15.
dxc5 Bxc5 16. Bxd5 exd5 17. Qxd5 h6 18. Nxf7 Rxf7 19. Qxa8 Bf8 20. Be3 Nf6 21.
Rac1 Ng4 22. f4 Bb7 23. Qa7 Qc6 24. Rc2 Qg6 25. f5 Qh5 26. Qb8 Be4 27. Rd2 Rb7
28. Qf4 Rb5 29. h3 Nf6 30. Nd6 Rb4 31. Bc5 Rc4 32. Nxc4 Bxc5+ 33. Kh2 Kh7 34.
Ne5 Be3 35. Qxe3 1-0

[Event "24th ch-EUR Indiv 2024"]
[Site "Petrovac MNE"]
[Date "2024.11.10"]
[Round "3.107"]
[White "Juhasz, Agoston"]
[Black "Rychagov, Nikita"]
[Result "1-0"]
[WhiteTitle "IM"]
[BlackTitle "CM"]
[WhiteElo "2432"]
[BlackElo "2217"]
[WhiteFideId "778346"]
[BlackFideId "4508394"]
[EventDate "2024.11.08"]

1. Nf3 d5 2. g3 c5 3. Bg2 Nc6 4. d4 Nf6 5. O-O e6 6. c4 dxc4 7. Qa4 Bd7 8. Qxc4
b5 9. Qd3 c4 10. Qd1 Rc8 11. Bf4 Be7 12. Nc3 Na5 13. Ne5 b4 14. Ne4 Bb5 15. Nxf7
Kxf7 16. Ng5+ Kg8 17. Nxe6 Qb6 18. d5 Bd6 19. Be3 Qb8 20. Nd4 Bd7 21. Rc1 Kf7
22. Ne6 Rhe8 23. Bg5 Be5 24. e4 h6 25. f4 Bxb2 26. Bxf6 Bxf6 27. e5 Qb6+ 28. Kh1
Bxe6 29. dxe6+ Kf8 30. exf6 gxf6 31. Qh5 Rc7 32. Qxh6+ Rg7 33. Qh8+ 1-0

[Event "24th ch-EUR Indiv 2024"]
[Site "Petrovac MNE"]
[Date "2024.11.10"]
[Round "3.108"]
[White "Manafov, Vugar"]
[Black "Deveci, Huseyin Said"]
[Result "1-0"]
[WhiteTitle "IM"]
[BlackTitle "CM"]
[WhiteElo "2430"]
[BlackElo "2211"]
[WhiteFideId "13410814"]
[BlackFideId "26322455"]
[EventDate "2024.11.08"]

1. d4 d5 2. Nf3 Nf6 3. c4 c6 4. Qb3 dxc4 5. Qxc4 Bg4 6. Nbd2 Nbd7 7. g3 e6 8.
Bg2 Be7 9. O-O O-O 10. Qb3 Qb6 11. Nc4 Qa6 12. Re1 Rfd8 13. Bg5 h6 14. Bxf6 Bxf6
15. e3 Rab8 16. a4 Bxf3 17. Bxf3 c5 18. d5 exd5 19. Bxd5 Rf8 20. Rad1 Nb6 21.
Nd6 Nxd5 22. Rxd5 Qc6 23. Red1 a6 24. Qc2 b6 25. b3 g6 26. Qe4 Qc7 27. Qc4 Be7
28. Qxa6 Bxd6 29. Rxd6 Rfd8 30. R6d3 Rxd3 31. Qxd3 Qc6 32. Qc4 Qc7 33. Rd5 Qc6
34. h4 h5 35. Qd3 Qf6 36. Rd6 Qa1+ 37. Kg2 Qe5 38. Rd5 Qf6 39. e4 Qe6 40. e5 Qc6
41. Kg1 Qe6 42. Kh2 Re8 43. f4 Rc8 44. Rd6 c4 45. Qe4 Qe8 46. bxc4 Qxa4 47.
Rxg6+ Kf8 48. Rxb6 Rxc4 49. Rb8+ Kg7 50. Qf5 Qc2+ 51. Qxc2 Rxc2+ 52. Kh3 Rf2 53.
Rb7 Kg6 54. Rb6+ Kg7 55. Rc6 Re2 56. Rd6 Kh7 57. Ra6 Kg7 58. Rf6 Rf2 59. Rf5 Kg6
60. Rg5+ Kh6 61. Rg8 Kh7 62. Rc8 Kg7 63. Rc1 Kg6 64. Rc6+ Kg7 65. Rc1 Re2 66.
Rg1 Kg6 67. g4 Re3+ 68. Rg3 Re4 69. gxh5+ Kxh5 70. Rg5+ Kh6 71. Kg4 1-0

[Event "24th ch-EUR Indiv 2024"]
[Site "Petrovac MNE"]
[Date "2024.11.10"]
[Round "3.109"]
[White "Srdanovic, Jovana"]
[Black "Injac, Teodora"]
[Result "0-1"]
[WhiteTitle "WIM"]
[BlackTitle "IM"]
[WhiteElo "2200"]
[BlackElo "2429"]
[WhiteFideId "954810"]
[BlackFideId "932400"]
[EventDate "2024.11.08"]

1. d4 Nf6 2. c4 e6 3. Nc3 Bb4 4. Qc2 c5 5. dxc5 Bxc5 6. Nf3 a6 7. e3 Be7 8. Bd3
b6 9. O-O Bb7 10. Qe2 Qc7 11. a3 Nc6 12. h3 h5 13. Bd2 Ng4 14. g3 Nce5 15. Be4
Bxe4 16. Nxe5 Nxe5 17. Nxe4 Qxc4 18. Qxc4 Nxc4 19. Bc3 f6 20. Rfc1 d5 21. Nd2
Nxd2 22. Bxd2 Kd7 23. Bc3 e5 24. Kf1 Rac8 25. Ke2 Rc4 26. Rd1 Ke6 27. Rd3 Rd8
28. Rad1 a5 29. f3 a4 30. g4 h4 31. Rf1 Bc5 32. Rb1 d4 33. exd4 exd4 34. Bd2 Kd5
35. f4 Ke4 36. b3 axb3 37. Rbxb3 Rc2 38. Kd1 Ra2 39. f5 Ra8 40. Bc1 Ra4 41. Rf3
Rc4 42. g5 Ra1 0-1

[Event "24th ch-EUR Indiv 2024"]
[Site "Petrovac MNE"]
[Date "2024.11.10"]
[Round "3.110"]
[White "Aizenberg, Benny"]
[Black "Djokic, Mihailo"]
[Result "0-1"]
[WhiteTitle "IM"]
[BlackTitle "FM"]
[WhiteElo "2427"]
[BlackElo "2204"]
[WhiteFideId "2821125"]
[BlackFideId "976440"]
[EventDate "2024.11.08"]

1. e4 d5 2. exd5 Qxd5 3. Nc3 Qa5 4. d4 Nf6 5. Nf3 c6 6. Bc4 Bf5 7. Ne5 e6 8. g4
Bg6 9. h4 Nbd7 10. Nxd7 Nxd7 11. Qe2 h5 12. Bd2 Qb6 13. O-O-O O-O-O 14. Be3 Qa5
15. Bg5 Nf6 16. f3 Rd7 17. Bxf6 gxf6 18. Ne4 Be7 19. gxh5 Qxh5 20. Qe3 Rhd8 21.
Ng3 Qh7 22. Bb3 Bf8 23. h5 Qh6 24. f4 Bh7 25. Ne2 Kb8 26. c3 Bf5 27. Rdg1 c5 28.
Bc2 Bxc2 29. Kxc2 Rd5 30. Qe4 cxd4 31. Nxd4 Bc5 32. Rd1 Bxd4 33. Rxd4 Rxd4 34.
cxd4 Rd5 35. Qg2 Qh7+ 36. Kc3 Rxh5 37. Rxh5 Qxh5 38. d5 exd5 39. Kb4 Qf5 40.
Qg8+ Kc7 41. Qxf7+ Kb6 42. Ka3 a6 43. Qg8 Qxf4 44. Qd8+ Qc7 45. Qxf6+ Kb5 46.
Qh4 Qc4 47. b4 Qc3# 0-1

[Event "24th ch-EUR Indiv 2024"]
[Site "Petrovac MNE"]
[Date "2024.11.10"]
[Round "3.111"]
[White "Tadic, Stefan"]
[Black "Garsky, Vladyslav"]
[Result "1-0"]
[WhiteTitle "IM"]
[BlackTitle "CM"]
[WhiteElo "2422"]
[BlackElo "2200"]
[WhiteFideId "958980"]
[BlackFideId "34100270"]
[EventDate "2024.11.08"]

1. e4 c6 2. d4 d5 3. e5 c5 4. Nf3 cxd4 5. Qxd4 Nc6 6. Qf4 e6 7. Bd3 Qc7 8. Nc3
a6 9. O-O Nge7 10. Re1 Ng6 11. Qg3 Nb4 12. a3 Nxd3 13. cxd3 Bc5 14. Bd2 Be7 15.
Rac1 Qd8 16. Na4 Bd7 17. Nc5 O-O 18. Be3 b6 19. Nxd7 Qxd7 20. h4 h5 21. Ng5 Qb5
22. d4 Qxb2 23. f4 Qxa3 24. f5 exf5 25. Nxf7 Kxf7 26. e6+ Kg8 27. Qxg6 f4 28.
Bf2 Qd6 29. Re5 Rf6 30. Qxh5 Rd8 31. Qg4 Rdf8 32. Rce1 Re8 33. h5 f3 34. gxf3
Qa3 35. R1e3 Qa1+ 36. Kg2 Ref8 37. Rg5 Rf4 38. Rxg7+ Kh8 39. Qg6 1-0

[Event "24th ch-EUR Indiv 2024"]
[Site "Petrovac MNE"]
[Date "2024.11.10"]
[Round "3.112"]
[White "Gov, Guy"]
[Black "Yaniv, Yuval"]
[Result "0-1"]
[BlackTitle "FM"]
[WhiteElo "2200"]
[BlackElo "2421"]
[WhiteFideId "2820200"]
[BlackFideId "2823900"]
[EventDate "2024.11.08"]

1. e4 c5 2. Nf3 Nc6 3. Bc4 d6 4. h3 Nf6 5. d3 g6 6. Nc3 Bg7 7. O-O O-O 8. Re1 a6
9. a4 b6 10. Bf4 Bb7 11. Qd2 Nd4 12. Nxd4 cxd4 13. Nd5 Rc8 14. Nxf6+ exf6 15.
Qb4 Rc5 16. Bb3 f5 17. exf5 a5 18. Qa3 gxf5 19. Qa2 Qf6 20. Kh2 Qg6 21. f3 Be5
22. Bxe5 dxe5 23. Re2 Kh8 24. Qb1 Rg8 25. Qe1 Qf6 26. Qf2 f4 27. Rae1 Rg3 28. c3
dxc3 29. d4 exd4 30. Re8+ Kg7 31. Bxf7 Kxf7 32. Qe2 Bc8 33. Qc2 Bf5 34. Qb3+ Kg7
35. R1e7+ Kh6 36. Re6 Bxe6 37. Rxe6 Rg6 38. Rxf6 Rxf6 39. bxc3 dxc3 40. Qc2 Kg7
41. h4 Rff5 42. Kh3 h5 43. Kh2 Kf6 44. Kh3 Ke7 45. Kh2 Kd6 46. Kh3 Kc7 47. Kh2
Kb8 48. Kh3 Ka7 49. Qe4 Rf7 50. Qc2 Rfc7 51. Kh2 Rd5 52. Kh3 Rd2 53. Qc1 c2 0-1

[Event "24th ch-EUR Indiv 2024"]
[Site "Petrovac MNE"]
[Date "2024.11.10"]
[Round "3.113"]
[White "Godena, Michele"]
[Black "Starcevic, Ante Leon"]
[Result "1-0"]
[WhiteTitle "GM"]
[WhiteElo "2419"]
[BlackElo "2200"]
[WhiteFideId "800090"]
[BlackFideId "14543613"]
[EventDate "2024.11.08"]

1. e4 c6 2. d3 d5 3. Nf3 g6 4. Nbd2 Bg7 5. d4 c5 6. exd5 cxd4 7. Bb5+ Nd7 8. Nb3
a6 9. Be2 Nb6 10. Nbxd4 Nxd5 11. c4 Nc7 12. Bf4 Ne6 13. Nxe6 Bxe6 14. O-O Nf6
15. Qa4+ Qd7 16. Qb4 a5 17. Qa3 O-O 18. Rad1 Qc8 19. Ne5 Re8 20. Rfe1 Ng4 21.
Bf1 b6 22. Nxg4 Bxg4 23. Rd5 Be6 24. Rb5 Bxc4 25. Rc1 Bxb5 26. Rxc8 Rexc8 27.
Bxb5 Rc2 28. Qxe7 Rxb2 29. Bc4 Rb1+ 30. Bf1 Rb2 31. a3 Bd4 32. Be3 Bxe3 33. Qxe3
Rd8 34. g3 b5 35. Qb6 Rdd2 36. Qxa5 Rxf2 37. Qd8+ 1-0

[Event "24th ch-EUR Indiv 2024"]
[Site "Petrovac MNE"]
[Date "2024.11.10"]
[Round "3.114"]
[White "Yilmaz, Baver"]
[Black "Piliposyan, Robert"]
[Result "0-1"]
[WhiteTitle "FM"]
[BlackTitle "IM"]
[WhiteElo "2196"]
[BlackElo "2418"]
[WhiteFideId "26363542"]
[BlackFideId "13309978"]
[EventDate "2024.11.08"]

1. e4 e5 2. Nf3 Nc6 3. Bb5 a6 4. Ba4 b5 5. Bb3 Na5 6. O-O d6 7. c3 Nxb3 8. axb3
Nf6 9. Re1 Bb7 10. d3 c5 11. Nbd2 Qc7 12. h3 g6 13. Nf1 Bg7 14. Ne3 O-O 15. c4
Nh5 16. Nd2 Nf4 17. Ndf1 f5 18. Ng3 Qd7 19. Kh2 Nxh3 20. gxh3 f4 21. Qg4 fxg3+
22. Qxg3 Rf7 23. Rf1 Raf8 24. f3 Bc8 25. Nd5 Qb7 26. Rf2 Be6 27. Ne3 bxc4 28.
bxc4 Bh6 29. Ng2 Bxc1 30. Rxc1 Qb3 31. Rc3 Qd1 32. Ne3 Qe1 33. Ng2 Qb1 34. h4
Rb8 35. Rcc2 Rb3 36. f4 Qd1 37. Rcd2 Qh5 38. f5 Bxc4 39. Ne3 Rxd3 40. Rxd3 Bxd3
41. f6 Bxe4 42. Ng4 h6 43. Rf1 Kh7 44. Kg1 Bf5 45. Ne3 Rxf6 46. Qg2 Qxh4 47.
Qb7+ Kg8 48. Qb8+ Rf8 49. Qxd6 Qd4 50. Qd5+ Kg7 51. Qf3 Rf7 52. Qg3 Be4 53.
Rxf7+ Kxf7 54. Qf2+ Kg7 55. Kh2 Bc6 56. Kg1 h5 57. b3 Qa1+ 58. Kh2 Qh1+ 59. Kg3
Bd7 60. Qd2 h4+ 61. Kf2 Qh2+ 62. Ng2 Bh3 0-1

[Event "24th ch-EUR Indiv 2024"]
[Site "Petrovac MNE"]
[Date "2024.11.10"]
[Round "3.115"]
[White "Caruso, Augusto"]
[Black "Fus, Jakub"]
[Result "0-1"]
[BlackTitle "IM"]
[WhiteElo "2193"]
[BlackElo "2417"]
[WhiteFideId "801763"]
[BlackFideId "1193023"]
[EventDate "2024.11.08"]

1. e4 c5 2. Nf3 e6 3. d4 cxd4 4. Nxd4 a6 5. Nc3 Qc7 6. g3 Bb4 7. Bd2 Nf6 8. Bg2
Nc6 9. Nxc6 dxc6 10. O-O Be7 11. a4 a5 12. Qe2 e5 13. Nd1 b6 14. Ne3 Ba6 15. c4
g6 16. b3 Rd8 17. Bc3 Bc5 18. Nc2 Bc8 19. Kh1 h5 20. h3 Qe7 21. Bd2 h4 22. g4
Nd7 23. Bc3 O-O 24. f4 exf4 25. e5 Rde8 26. Rae1 Qg5 27. Bxc6 Re6 28. Bd5 Rfe8
29. Qe4 Nf6 30. Qxf4 Qxf4 31. Rxf4 Nxd5 32. cxd5 Bb7 33. Rd1 Rd8 34. b4 Rxd5 35.
Rxd5 Bxd5+ 36. Kh2 axb4 37. Nxb4 Bb7 38. g5 Be3 39. Rxh4 Bxg5 40. Rc4 Re7 41.
Kg3 Be3 42. Nc2 Bc5 43. Ne1 Rc7 44. Bd4 Bd5 45. Bxc5 Bxc4 46. Bxb6 Rd7 47. a5
Rd1 48. Nc2 Rd3+ 49. Ne3 Ra3 50. Kf4 Be6 51. h4 Ra4+ 52. Kg5 Kg7 53. h5 gxh5 54.
Kxh5 Re4 55. a6 Rxe5+ 56. Kh4 Re4+ 57. Kg3 Ra4 58. a7 f5 59. Nc2 f4+ 60. Kf2 Bd5
61. Ke1 Kg6 62. Kd2 Be4 63. Nd4 Ra2+ 64. Ke1 Kg5 65. Ne6+ Kg4 66. Nc7 Kg3 67.
a8=Q Bxa8 68. Nxa8 Ra1+ 69. Kd2 Rxa8 70. Bc7 Ra4 0-1

[Event "24th ch-EUR Indiv 2024"]
[Site "Petrovac MNE"]
[Date "2024.11.10"]
[Round "3.116"]
[White "Sieciechowicz, Marcin"]
[Black "Djurovic, Peko"]
[Result "1/2-1/2"]
[WhiteTitle "IM"]
[BlackTitle "FM"]
[WhiteElo "2416"]
[BlackElo "2198"]
[WhiteFideId "1130170"]
[BlackFideId "16503902"]
[EventDate "2024.11.08"]

1. d4 d5 2. c4 e6 3. Nc3 Nf6 4. cxd5 exd5 5. Bg5 c6 6. e3 h6 7. Bh4 Be7 8. Bd3
O-O 9. Nf3 Nbd7 10. O-O Ne4 11. Bxe7 Qxe7 12. Qc2 Re8 13. Rae1 a5 14. Nd2 Ndf6
15. f3 Nxd2 16. Qxd2 Be6 17. Bb1 c5 18. dxc5 Qxc5 19. Ne2 Rac8 20. Nd4 Qb6 21.
Rc1 Bd7 22. Rxc8 Rxc8 23. Rc1 Rxc1+ 24. Qxc1 g6 25. Qc3 Ne8 26. Bd3 h5 27. Bc2
Nd6 28. Kf2 Nb5 29. Nxb5 Qxb5 30. Bb3 Be6 31. Qd4 Qc6 32. Qc3 Qb6 33. h3 Kh7 34.
Bc2 Qd8 35. Qd4 Qc7 36. Bd3 Qc1 37. Be2 Qc2 38. a3 Kg8 39. Qb6 Kh7 40. Qxb7 d4
41. Qb5 Qd2 42. exd4 Qxd4+ 43. Kf1 a4 44. Qb4 Qd7 45. Qc3 Bb3 46. Bd3 Qd5 47.
Bc2 Qb5+ 48. Kg1 Qb6+ 49. Kh1 Bxc2 50. Qxc2 Qb5 51. Qc3 Qd7 52. Qb4 Qd1+ 53. Kh2
Qc2 54. Qc3 Qd1 55. Qe5 Qc2 56. Qd4 Kg8 57. h4 Qc7+ 58. Kh3 Qc2 59. Kg3 Qc7+ 60.
Qf4 Qc2 61. Qe5 Qd1 62. Qb8+ Kh7 63. Qb4 Qc2 64. Qc3 Qe2 65. Kh2 Qd1 66. Qe5 Kg8
67. Qe4 Qd6+ 68. f4 Qd7 69. Qe5 Qd8 70. Qg5 Qd4 71. Qe5 Qd8 72. Qe1 Qf6 73. Qf2
Kh7 74. Kg1 Qd6 75. f5 Qd1+ 76. Kh2 Qd6+ 77. g3 Qd1 78. fxg6+ fxg6 79. Qa7+ Kh6
80. Qe3+ Kh7 81. Qf2 Kh6 82. Kg2 Kh7 83. Qa7+ Kh6 84. Qe3+ Kh7 85. Qe7+ Kg8 86.
Qe6+ Kh7 87. Qf7+ Kh6 88. Qf3 Qd2+ 89. Kh3 Qd7+ 90. Kh2 Qd2+ 91. Qg2 Qd1 92. Qf2
Kh7 93. Qf7+ Kh6 94. Qf8+ Kh7 95. Qf2 Kh6 96. Kg2 Kg7 97. Qa7+ Kg8 98. Qb8+ Kh7
99. Kf2 Qd2+ 100. Kf3 Qd3+ 101. Kf4 Qd4+ 102. Kg5 Qg7 103. Qe8 Qh6+ 104. Kf6
Qg7+ 105. Kg5 Qh6+ 106. Kf6 Qg7+ 107. Ke6 Qxb2 108. Qe7+ Kh6 109. Qg5+ Kh7 110.
Qe7+ Kh6 111. Qf8+ Kh7 112. Qf7+ Kh6 113. Qf4+ Kh7 114. Qf7+ Kh6 115. Qf8+ Kh7
116. Qe7+ Kh6 1/2-1/2

[Event "24th ch-EUR Indiv 2024"]
[Site "Petrovac MNE"]
[Date "2024.11.10"]
[Round "3.117"]
[White "Vanczak, Tamas"]
[Black "Saraci, Korab"]
[Result "1-0"]
[WhiteTitle "IM"]
[BlackTitle "CM"]
[WhiteElo "2413"]
[BlackElo "2193"]
[WhiteFideId "759929"]
[BlackFideId "4701968"]
[EventDate "2024.11.08"]

1. e4 e5 2. Nf3 Nc6 3. Bc4 Nf6 4. d3 Be7 5. O-O d5 6. exd5 Nxd5 7. Re1 f6 8. c3
Nb6 9. Bb3 Qd6 10. d4 Bg4 11. h3 Bh5 12. Nbd2 O-O-O 13. a4 exd4 14. a5 Nd5 15.
a6 dxc3 16. bxc3 Bg6 17. Ba3 Qxa3 18. Rxa3 Bxa3 19. Bxd5 Rxd5 20. Qb3 1-0